| 000 | 00634nam a22001937a 4500 | ||
|---|---|---|---|
| 005 | 20240325153453.0 | ||
| 008 | 240325b ||||| |||| 00| 0 eng d | ||
| 020 | _a9788126578511 | ||
| 040 | _cAIMIT LIBRARY | ||
| 082 |
_21 _a006.31 _bSRIA |
||
| 100 |
_aSrinivasaraghavan, Anuradha. _9156740 |
||
| 245 |
_aMachine Learning / _cBy Anuradha Srinivasaraghavan and Vincy Joseph. |
||
| 300 |
_axix,308 p.; _bPB _c25 cm. |
||
| 650 |
_aModel and cost function _9156741 |
||
| 650 |
_aBasics of vectors and matrices _9156742 |
||
| 650 |
_aData preprocessing _9156743 |
||
| 700 |
_aJoseph, Vincy. _9156744 |
||
| 942 |
_2ddc _cBK _e1 _k006.31 SRIA |
||
| 999 |
_c230609 _d230609 |
||